<?xml version="1.0" encoding="UTF-8"?>
<record
    xmlns:xsi="http://www.w3.org/2001/XMLSchema-instance"
    xsi:schemaLocation="http://www.loc.gov/MARC21/slim http://www.loc.gov/standards/marcxml/schema/MARC21slim.xsd"
    xmlns="http://www.loc.gov/MARC21/slim">

  <leader>00326    a2200109   4500</leader>
  <controlfield tag="001">ART_27830</controlfield>
  <controlfield tag="005">20260410161950.0</controlfield>
  <controlfield tag="008">260409a                                 </controlfield>
  <datafield tag="245" ind1="1" ind2="0">
    <subfield code="a">Breve introducci&#xF3;n al pensamiento de Karl-Otto Apel</subfield>
  </datafield>
  <datafield tag="100" ind1="1" ind2=" ">
    <subfield code="a">Trapani, Daniel A.</subfield>
  </datafield>
  <datafield tag="773" ind1="0" ind2=" ">
    <subfield code="t">Invenio</subfield>
    <subfield code="g">- A&#xF1;o 4, N&#xBA; 6 (jun. 2001)</subfield>
    <subfield code="w">REV27781</subfield>
  </datafield>
  <datafield tag="999" ind1=" " ind2=" ">
    <subfield code="c">30263</subfield>
    <subfield code="d">30263</subfield>
  </datafield>
</record>
